000 00211nam a2200097Ia 4500
008 220204s9999 xx 000 0 und d
082 _a82-3
_bTHO
100 _aThorp, Roderick
245 0 _aWestfield
942 _cBK
999 _c35268
_d35268